Регионална библиотека "Любен Каравелов" - Русе

Акупресура (Запис номер 23117)

MARC детайли
000 -Лидер
Контролно поле с фиксирана дължина 03026nam a2200361 c 4500
003 - Код на организацията, давaща контролен номер
Контролно поле BLK
005 - Дата и час на последна редакция
Контролно поле 20180422095412.0
008 - Елементи от данни с фиксирана дължина
fixed length control field 180413b bul|||||r ||||||| ||bul||
010 ## - Наследен системен номер
LC control number KNG00025590000
040 ## - Източник на каталожния запис
Идентификатор на билиотеката - собственик на записа BLK
041 ## - Код за език
Код за езика на текст/звукозапис или на отделно заглавие Немски
Код за езика КДБФ Български
072 #7 - Код за тематичната категория
Код организация bullib
Код за тематична категория Л08
Текст Лечебни масажни техники, кинезитерапия
080 ## - УДК
Текстов определител УДК Рефлексотерапия. Масажи и механотерапия - Ритмичен и вибрационен масаж, термомасаж, електромасаж
УДК код - определител по УДК 615.82
УДК определител
УДК - код + определител 615.82
100 1# - Редна дума - Автор
Автор Хилебрехт, Майтри
Авторска отговорност първи автор
R(LIN) 137005
139 ## - Редно поле
Редна дума Хилебрехт, Майтри
Авторски знак Хил - Х 49
245 10 - Сведения за заглавието
Заглавие Акупресура
Подзаглавни данни Път към доброто здраве
Редно поле (дума) Майтри Хилебрехт; прев. от нем. Ваня Пенева.
257 ## - Страна на издаване
Страна на създаване/издаване Германия
260 ## - Област на издателските данни
-- София
Име на издателя, разпространителя и проч. Емас
Година на издаване 1998
300 ## - Физическа характеристика
Страници 239 с.
Илюстрации и др. с ил.
Размери/Мащаб 19 см
380 ## - Жанр
Жанр Медицина
490 1# - СЕРИИ (Колекции)
Име на серия Книги за здравето
500 ## - Общи забележки
Забележка Деп. списък: покупка.
520 ## - Забележка за наличие на резюме, анотация и т.н
Анотация, рецензия, сканиран текст Акупресурата или китайският точков масаж е една от древните тайни на Изтока, която бе разкрита на Западната цивилизация и добива все по-голяма популярност като начин на лечение без страничните ефекти на химията. Авторката на настоящата книга, Майтри Хилебрехт, практикува от близо 20 години акупресура на остров Майорка. Нагледно и достъпно за европееца тя: - описва разположението на акупресурните точки в човешкото тяло - свързва всяка точка с болестите, които се лекуват чрез нейното стимулиране - разкрива връзките с други точки - запознава с чакрите - представя различните техники на масаж. С помощта на подробния списък на заболяванията и съответните им точки всеки читател може веднага да намери търсената точка. Акупресура на Майтри Хилебрехт е изключително точен и достъпен наръчник за лечение на редица заболявания, написан от практикуващ лечител с богат опит.
650 #4 - Допълнително описание по предмет – тема
Основно описание – тема или топоним Масаж, източен
9 (RLIN) 266883
653 ## - Ключова дума – ненормативна
Ключова дума акупресура
659 ## - Тематичен бюлетин
Тематичен бюлетин Л
700 1# - Други автори (авторска отговорност)
Лично име Пенева, Ваня
Автороска отговорност (Описва отношението между автора и произведението) прев. от нем.
9 (RLIN) 363385
852 ## - Местоположение
Форматна сигнатура Цб 198801
856 4# - Електронен адрес и достъп
Електронен формат pdf - файл
Път до файла /url/
856 4# - Електронен адрес и достъп
Електронен формат pdf - файл
Път до файла /url/
942 ## - АРТИКУЛИ
Вид на библиотечния материал Книги
Скрит в OPAC Не
944 ## - СЪЗДАВАНЕ И РЕДАКЦИЯ на ЗАПИСА
Създаване/Редакция Създаване
Дата на регистрацията/редакция 15.01.2003
Служител, извършил регистрацията/редакцията Кети_Илиева
944 ## - СЪЗДАВАНЕ И РЕДАКЦИЯ на ЗАПИСА
Създаване/Редакция Редакция
Дата на регистрацията/редакция 22.12.2016
Служител, извършил регистрацията/редакцията Сечил_Томаш
999 ## - СИСТЕМНИ КОНТРОЛНИ НОМЕРА
Koha biblionumber 23117
Koha biblioitemnumber 23117
Наличности
Код за отписване Код за изгубен артикул Източник на класификационната схема Код за повреда Коз за рестрикции Код за отдаване Артикулен № Име на библиотеката - собственик Име на библиотеката, в която се намира в момента Статус (Текущо местоположение) Дата на вписване в системата Местоположение - отдел Цена в лева Инвентарен номер Систематично азбучна сигнатура Баркод Номер на екземпляра Цена в евро Служебен тип на артикула Служебна бележка
  Не е изгубен Universal Decimal Classification Не е повреден без рестрикции ползва се в читалня 38096 Регионална библиотека "Любен Каравелов" Русе Регионална библиотека "Любен Каравелов" Русе Хранилище 2001-01-01 Хранилище 0.00 645525 Цб 198801 120000645525 1 0.00 Книги  
  Не е изгубен Universal Decimal Classification Не е повреден без рестрикции ползва се в читалня 38097 Регионална библиотека "Любен Каравелов" Русе Регионална библиотека "Любен Каравелов" Русе Читалня 2001-01-01 Читалня 0.00 644323 Ч 615/Х 49 120000644323 2 0.00 Книги Дата инв: 17.03.2017 Бележки инв: Ч2017
Vip Innovations Ltd, Rousse, Bulgaria 2025